000 00349 a2200133 4500
999 _c327596
_d327596
001 92523
003 NUST
005 20180120143156.0
008 180120b xxu||||| |||| 00| 0 eng d
082 _a954.9205/AFR
100 _aAfrasiab
_99224
245 _a1971: Fact and Fiction 4e
_bViews and Perception in Pakistan, India And Bangladesh
250 _a4
260 _aLahoe
_bMakhdooms
_c2015
300 _a632p.
942 _aCAE NUST
_cBK
_k954.9205/AFR
_2ddc